عرض عادي
عرض مارك
- Chowdhury, Rajat.
مدخل إسم شخص
001 - رقم الضبط
- حقل الضبط: 14337
003 - معرف رقم الضبط
- حقل الضبط: OSt
005 - تاريخ ووقت أخر عملية
- حقل الضبط: 20120519235306.0
008 - عناصر بيانات ثابتة الطول
- حقل تحكم ثابت الطول: 120519|||a|||||| | ||| d
040 ## - مصدر الفهرسة
- هيئة الفهرسة الأصلية: OSt
- وكالة الكتابة: OSt
100 ## - مدخل -- أسم شخص
- إسم شخص: Chowdhury, Rajat.
670 ## - بيانات المصدر موجوده
- الاستشهاد بالمصدر: Work cat.: (OSt)24113: Radiology at a glance /, 2010.
